000 00623nam a2200157 a 4500
001 000043639
005 20251120073733.0
008 140401s2013 dr a 000 0 spa d
020 _a9789945009569
040 _aDO-SdBNP
_bspa
_cBNPHU
111 2 _aCongreso Iberoamericano de Tecnologías de Apoyo a la Discapacidad
_n(7:
_b2013 :28-29 de nov.
_cSanto Domingo)
_971472
245 1 0 _aLibro de actas :
_bVII Congreso Iberoamericano de Tecnologías de Apoyo a la Discapacidad.
260 _aSanto Domingo :
_bPUCMM,
_c2013.
300 _a416 p. :
_bil. ;
_c23 cm.
710 2 _aPontificia Universidad Católica Madre y Maestra
_9843
999 _c43128
_d43128